| 000 | 00538nam a2200169Ia 4500 | ||
|---|---|---|---|
| 003 | SGT | ||
| 020 | _a9788131711040 | ||
| 082 |
_a1.42 _bTAH |
||
| 100 | _aTaha,Hamdy A | ||
| 245 | _aOperations research | ||
| 250 | _a8th Ed. | ||
| 260 |
_bPearson _aN.Delhi _c2008 |
||
| 300 | _a733p. | ||
| 650 | _aCOMPUTER SCIENCE | ||
| 653 | _aWHAT IS OPERATIONS RESEARCH, MODELING WITH LINEAR PROGRAMMING, THE SIMPLEX METHOD AND SENSITIVITY ANALYSIS, DUALITY AND POST-OPTIMAL ANALYSIS, NETWORK MODELS, ADVANCED LINEAR PROGRAMMING | ||
| 942 |
_2ddc _cBK |
||
| 999 |
_c5178 _d5178 |
||